| 000 | 01407cam a2200361 i 4500 | ||
|---|---|---|---|
| 001 | 18610038 | ||
| 003 | OSt | ||
| 005 | 20251210105823.0 | ||
| 008 | 150508s2015 ilu 001 0 eng | ||
| 010 | _a 2015018753 | ||
| 020 |
_a9780830824748 _qcasebound : alk. paper |
||
| 035 | _a18610038 | ||
| 040 |
_aDLC _beng _cDLC _erda _dDLC |
||
| 042 | _apcc | ||
| 050 | 0 | 0 |
_aBS680.B8 _bC34 2015 |
| 082 | 0 | 0 |
_a241/.644 _223 |
| 100 | 1 |
_aCafferky, Michael E., _eauthor. |
|
| 245 | 1 | 0 |
_aBusiness ethics in biblical perspective : _ba comprehensive introduction / _cMichael E. Cafferky. |
| 264 | 1 |
_aDowners Grove, Illinois : _bInterVarsity Press, _c[2015] |
|
| 300 |
_a487 pages ; _c27 cm |
||
| 336 |
_atext _btxt _2rdacontent |
||
| 337 |
_aunmediated _bn _2rdamedia |
||
| 338 |
_avolume _bnc _2rdacarrier |
||
| 500 | _aIncludes index. | ||
| 650 | 0 |
_aBusiness ethics _xBiblical teaching. |
|
| 650 | 0 |
_aBusiness _xBiblical teaching. |
|
| 650 | 0 |
_aManagement _xReligious aspects _xChristianity. |
|
| 650 | 0 | _aEthics in the Bible. | |
| 776 | 0 | 8 |
_iOnline version: _aCafferky, Michael E. _tBusiness ethics in biblical perspective _dDowners Grove : InterVarsity Press, 2015 _z9780830898664 _w(DLC) 2015020277 |
| 906 |
_a7 _bcbc _corignew _d1 _eecip _f20 _gy-gencatlg |
||
| 942 |
_2lcc _cBK |
||
| 999 |
_c21001 _d21000 |
||